|
|
|
|
| LEADER |
00000nam a2200000 a 4500 |
| 001 |
vtls011717715 |
| 003 |
SK-MaSNL |
| 005 |
20260301094728.0 |
| 008 |
180105s2016 fr oae g nd 001 0 fre |
| 020 |
|
|
|a 9782213671116 (Fayard : viaz.)
|
| 020 |
|
|
|a 9782350315416 (Louvre : viaz.)
|
| 040 |
|
|
|a SNK
|b slo
|c SNK
|e AACR2
|
| 041 |
0 |
|
|a fre
|
| 043 |
|
|
|a e-fr---
|
| 044 |
|
|
|a fr
|c FR
|
| 072 |
|
7 |
|a 72
|x Architektúra
|2 konspekt
|
| 080 |
|
|
|a 72/76:069
|2 2011
|
| 080 |
|
|
|a 727.7
|2 2001
|
| 080 |
|
|
|a 725.1:342.3-057.341/.343
|2 2011
|
| 080 |
|
|
|a (44)
|2 2011
|
| 080 |
|
|
|a (443.611)
|2 2011
|
| 080 |
|
|
|a (048.8)
|2 2011
|
| 080 |
|
|
|a (031)
|2 2011
|
| 080 |
|
|
|a (038)81
|2 2011
|
| 245 |
0 |
0 |
|a Histoire du Louvre
|n III
|p Dictionnaire thématique et culturel
|c sous la direction de Yannick Lintz
|
| 246 |
3 |
0 |
|a Dictionnaire thématique et culturel
|
| 260 |
|
|
|a Paris
|b Louvre
|b Fayard
|c 2016
|
| 300 |
|
|
|a 444 s.
|b ilustr.
|c 28 cm
|
| 500 |
|
|
|a V kartónovom obale
|
| 504 |
|
|
|a Bibliografia na strane 290-353 ; bibliografické odkazy ; register ; zoznam autorov ; zoznam fotografií
|
| 610 |
2 |
7 |
|a Musée du Louvre
|2 SNKKA
|9 191791
|
| 648 |
|
7 |
|a 12.-21. stor.
|2 SNKPH
|9 428958
|
| 648 |
|
7 |
|a 12th-21st centuries
|2 SNKPHeng
|9 428959
|
| 650 |
0 |
7 |
|a múzeá umenia
|2 SNKPH
|9 4118
|
| 650 |
0 |
7 |
|a dejiny múzeí
|2 SNKPH
|9 117809
|
| 650 |
0 |
7 |
|a múzejné budovy
|2 SNKPH
|9 105531
|
| 650 |
0 |
7 |
|a paláce
|2 SNKPH
|9 26828
|
| 650 |
0 |
7 |
|a Art museums
|2 SNKPHeng
|9 265390
|
| 650 |
0 |
7 |
|a History of museums
|2 SNKPHeng
|9 343426
|
| 650 |
0 |
7 |
|a Museum buildings
|2 SNKPHeng
|9 331491
|
| 650 |
0 |
7 |
|a Palaces
|2 SNKPHeng
|9 324106
|
| 651 |
|
7 |
|a Paríž (Francúzsko)
|2 SNKPHgeo
|9 23519
|
| 651 |
|
7 |
|a Paris (France)
|2 SNKPHeng
|9 313341
|
| 655 |
|
7 |
|a monografie
|2 SNKPH
|9 70139
|
| 655 |
|
7 |
|a encyklopédie
|2 SNKPH
|9 28776
|
| 655 |
|
7 |
|a Monographs
|2 SNKPHeng
|9 120675
|
| 655 |
|
7 |
|a Encyclopedias
|2 SNKPHeng
|9 90422
|
| 655 |
|
7 |
|a terminologické slovníky
|2 SNKPH
|9 70504
|
| 655 |
|
7 |
|a Terminological dictionaries
|2 SNKPHeng
|9 90728
|
| 700 |
1 |
|
|a Lintz, Yannick
|4 edt
|9 428960
|
| 919 |
|
|
|a 978-2-213-67111-6
|
| 919 |
|
|
|a 978-2-35031-541-6
|
| 958 |
|
|
|a NB
|
| 999 |
|
|
|c 681143
|d 683073
|
| 952 |
|
|
|t snkLOU/3 72(44)
|a SNKUST
|b SNKUST
|y PREZ
|7 0
|p 17A1304128
|o snkIB 73453/3
|i snk2017/24550
|8 4
|g 75.90
|0 0
|1 0
|4 0
|d 2017-10-27
|l 0
|r 2025-03-20 00:00:00
|w 2026-02-23
|